| 000 | 00816nam a2200253Ia 4500 | ||
|---|---|---|---|
| 003 | OSt | ||
| 005 | 20220928130349.0 | ||
| 006 | a|||||r|||| 00| 0 | ||
| 007 | ta | ||
| 008 | 220927b |||||||| |||| 00| 0 eng d | ||
| 020 | _c850 | ||
| 024 | _a119510 | ||
| 037 |
_b027, 13/09/2013, Excel Book International _cTextual |
||
| 040 |
_aSDCL _cSDCL _beng |
||
| 041 |
_2eng _aeng |
||
| 082 | _aQ6:3(Y:4582)'P, Q3 | ||
| 100 |
_aRobinson Rowena _9373970 |
||
| 245 | 0 |
_aBoundaries of religion _b Essays on christianity,ethnic conflict,and violence. |
|
| 260 |
_aNew Delhi _bOxford University Press _c2013 |
||
| 300 |
_axx;299p _ccm. |
||
| 650 | _aPolitical Science | ||
| 942 |
_hQ6:3(Y:4582)'P, Q3 _cTEXL _2CC |
||
| 999 |
_c786281 _d786281 |
||